000 00469nam a22001577a 4500
005 20240214142726.0
008 240212b |||||||| |||| 00| 0 eng d
041 _aAfrikaans
082 _a349 TYD
100 _aMalherbe, EFJ
_lEnglish
245 _aTydskrif vir Hedendaagse Romeins-Hollandse Red
260 _aDurban :
_bButterworth,
_c1986
300 _b126 pages ;
_c25 cm.
650 _aLegal practice
_bLaw
942 _cBK
_6ALISON_BN_VRIES
999 _c1338
_d1338